Probabilistic graphical models : principles and techniques (Record no. 11954)
[ view plain ]
| 000 -LEADER | |
|---|---|
| fixed length control field | 01090cam a2200265 a 4500 |
| 001 - CONTROL NUMBER | |
| control field | 15640743 |
| 005 - DATE AND TIME OF LATEST TRANSACTION | |
| control field | 20170105102351.0 |
| 008 - FIXED-LENGTH DATA ELEMENTS--GENERAL INFORMATION | |
| fixed length control field | 090227s2009 maua b 001 0 eng |
| 010 ## - LIBRARY OF CONGRESS CONTROL NUMBER | |
| LC control number | 2009008615 |
| 020 ## - INTERNATIONAL STANDARD BOOK NUMBER | |
| International Standard Book Number | 9780262013192 (hardcover : alk. paper) |
| 040 ## - CATALOGING SOURCE | |
| Original cataloging agency | DLC |
| Transcribing agency | DLC |
| Modifying agency | DLC |
| 082 00 - DEWEY DECIMAL CLASSIFICATION NUMBER | |
| Classification number | 519.5420285 |
| Edition number | 22 |
| 100 1# - MAIN ENTRY--PERSONAL NAME | |
| Personal name | Koller, Daphne. |
| 245 10 - TITLE STATEMENT | |
| Title | Probabilistic graphical models : principles and techniques |
| Remainder of title | principles and techniques |
| Statement of responsibility, etc. | Daphne Koller and Nir Friedman. |
| 260 ## - PUBLICATION, DISTRIBUTION, ETC. | |
| Place of publication, distribution, etc. | Cambridge, MA : |
| Name of publisher, distributor, etc. | MIT Press, |
| Date of publication, distribution, etc. | c2009. |
| 300 ## - PHYSICAL DESCRIPTION | |
| Extent | xxi, 1231 p. : |
| Other physical details | ill. ; |
| Dimensions | 24 cm. |
| 490 0# - SERIES STATEMENT | |
| Series statement | Adaptive computation and machine learning |
| 504 ## - BIBLIOGRAPHY, ETC. NOTE | |
| Bibliography, etc. note | Includes bibliographical references (p. [1171]-1207) and indexes. |
| 650 #0 - SUBJECT ADDED ENTRY--TOPICAL TERM | |
| Topical term or geographic name entry element | Graphical modeling (Statistics) |
| 650 #0 - SUBJECT ADDED ENTRY--TOPICAL TERM | |
| Topical term or geographic name entry element | Bayesian statistical decision theory |
| General subdivision | Graphic methods. |
| 700 1# - ADDED ENTRY--PERSONAL NAME | |
| Personal name | Friedman, Nir. |
| 906 ## - LOCAL DATA ELEMENT F, LDF (RLIN) | |
| a | 7 |
| b | cbc |
| c | orignew |
| d | 1 |
| e | ecip |
| f | 20 |
| g | y-gencatlg |
| 942 ## - ADDED ENTRY ELEMENTS (KOHA) | |
| Source of classification or shelving scheme | |
| Koha item type | Book |
| Withdrawn status | Lost status | Source of classification or shelving scheme | Damaged status | Not for loan | Permanent Location | Current Location | Shelving location | Date acquired | Source of acquisition | Cost, normal purchase price | Total Checkouts | Total Renewals | Full call number | Barcode | Date last seen | Date last checked out | Price effective from | Koha item type |
|---|---|---|---|---|---|---|---|---|---|---|---|---|---|---|---|---|---|---|
| Central Library (CL) | Central Library (CL) | General Stacks | 06/26/2013 | Multi-Line Books | 7178.16 | 1 | 3 | 519.5420285 KOL | SEECS012586 | 01/24/2023 | 09/20/2022 | 06/26/2013 | Book |
